| 000 | 00440nam a2200181Ia 4500 | ||
|---|---|---|---|
| 001 | 21128 | ||
| 005 | 20260306172856.0 | ||
| 008 | 260306t2021||||xx |||||||||||||| ||spa|| | ||
| 041 | _aESP | ||
| 082 |
_a344 _bU79D |
||
| 100 |
_aUrquizo Olaechea, José _eAUT |
||
| 245 | 0 |
_aDerecho penal: _bprincipios fundamentales |
|
| 260 | _c2021 | ||
| 300 |
_a302 páginas : _c25 cm. |
||
| 650 | _aGEN | ||
| 654 | _aCDE | ||
| 942 |
_cLIB _dJUS _fJUS _2ddc _n |
||
| 999 |
_c21128 _d21128 |
||